| 000 | 00566cam a22001931 4500 | ||
|---|---|---|---|
| 001 | ca 36000504 | ||
| 003 | DLC | ||
| 005 | 20260227111141.0 | ||
| 008 | 730502s1908 xx a 000 0 lit | ||
| 010 | _aca 36000504 | ||
| 035 | _a(OCoLC)614782 | ||
| 040 |
_aDLC _cOKentU _dDLC |
||
| 050 | 0 | 0 |
_aPG8721.S7 _bP7 |
| 100 | 0 |
_aVydūnas, _d1868-1953. |
|
| 245 | 1 | 0 |
_aProbotšiûn šešêliai; _bdramâtiška aidija trijose dâlîse. |
| 260 |
_aTilžêje, _bV. Storost, _c1908. |
||
| 300 |
_a182 p. _billus. _c23 cm. |
||
| 500 | _aAuthor's pseud., Vidûnas, at head of title. | ||
| 999 |
_c18086 _d18086 |
||